=LDR 00000nam 2200000 4500 =001 INLIS000000000009558 =005 20130612101339 =008 ***********************************Ind** =035 ##$$0010-061300000009558 =041 ##$$a Ind =082 ##$$a 371.4 =090 ##$$a 371.4, Rom t =100 ##$$a Romlah, Tatiek =245 ##$$a Teori dan Praktek Bimbingan Kelompok, Drs.Tatiek Romlah, M.A =260 ##$$a 2001 $b Malang =300 ##$$a viii, 208 hlm, 22 cm =650 ##$$a Pendidikan =850 ##$$a NBPNMAT